LEADER 02633nam 2200733 450 001 9910780507303321 005 20231206213046.0 010 $a1-4426-8484-4 024 7 $a10.3138/9781442684843 035 $a(CKB)2430000000002128 035 $a(EBL)3262967 035 $a(SSID)ssj0000478874 035 $a(PQKBManifestationID)11307916 035 $a(PQKBTitleCode)TC0000478874 035 $a(PQKBWorkID)10435600 035 $a(PQKB)10848095 035 $a(CaBNvSL)slc00222518 035 $a(CaPaEBR)424326 035 $a(DE-B1597)479106 035 $a(OCoLC)987949308 035 $a(DE-B1597)9781442684843 035 $a(Au-PeEL)EBL4672363 035 $a(CaPaEBR)ebr11258032 035 $a(OCoLC)427681213 035 $a(MiAaPQ)EBC4672363 035 $a(MdBmJHUP)musev2_104219 035 $a(MiAaPQ)EBC3262967 035 $a(EXLCZ)992430000000002128 100 $a20160923e20072005 uy 0 101 0 $aeng 135 $aur|n|---||||| 181 $ctxt 182 $cc 183 $acr 200 10$aSustainability and the civil commons $erural communities in the age of globalization /$fJennifer Sumner 210 1$aToronto, [Ontario] ;$aBuffalo, [New York] ;$aLondon, [England] :$cUniversity of Toronto Press,$d2007. 210 4$dİ2005 215 $a1 online resource (190 p.) 300 $aDescription based upon print version of record. 311 $a0-8020-9527-5 320 $aIncludes bibliographical references and index. 327 $aAge of globalization -- Rural reckoning : the impacts of corporate globalization on rural communities -- Strategies for sustainability : building a theory for practice -- Searching for sustainability : past and present -- Searching for sustainability : future -- New directions for research. 330 $a"Sustainability and the Civil Commons" moves beyond rural roots to build a comprehensive understanding of sustainability that combines global reach with local focus. 606 $aSustainable development 606 $aGlobalization 606 $aCapitalism 606 $aCooperation 606 $aQuality of life 607 $aCanada$xRural conditions 608 $aElectronic books. 615 0$aSustainable development. 615 0$aGlobalization. 615 0$aCapitalism. 615 0$aCooperation. 615 0$aQuality of life. 676 $a320.5/8 700 $aSumner$b Jennifer$f1949-$01197860 801 0$bMiAaPQ 801 1$bMiAaPQ 801 2$bMiAaPQ 906 $aBOOK 912 $a9910780507303321 996 $aSustainability and the civil commons$93835647 997 $aUNINA LEADER 01244nam0 22003011i 450 001 UON00258037 005 20231205103700.550 010 $a31-10-16998-3 100 $a20041013d2004 |0itac50 ba 101 $aeng 102 $aDE 105 $a|||| ||||| 200 1 $aPacific pidgins and creoles$eorigins, growth and development$fby Darrell T. Tryon, Jean-Michel Charpentier 210 $aBerlin$aNew York$cMouton De Gruyter$dc2004 215 $axix, 559 p.$cc. geogr.$d24 cm 410 1$1001UON00087195$12001 $aTrends in Linguistics. Studies and monographs$feditor Werner Winter$v132 606 $aDialetti Creoli$3UONC017221$2FI 620 $aDE$dBerlin$3UONL003157 676 $a417.22$cLINGUE PIDGIN E CREOLE$v21 700 1$aTRYON$bDarrell T.$3UONV060211$0689385 701 1$aCHARPENTIER$bJean-Michel$3UONV019689$0644460 712 $aMouton de Gruyter$3UONV256891$4650 801 $aIT$bSOL$c20250516$gRICA 899 $aSIBA - SISTEMA BIBLIOTECARIO DI ATENEO$2UONSI 912 $aUON00258037 950 $aSIBA - SISTEMA BIBLIOTECARIO DI ATENEO$dSI II 339 $eSI AA 26778 7 339 996 $aPacific pidgins and creoles$91238948 997 $aUNIOR